000 01321nam0a22002891 4500
001 rc\3368870
005 20250609222028.0
021 _aRU
_b[69-58773ж]
035 _a(NLR Aleph) 007529003
090 _a7749099
_c7749099
100 _a20130115d1969 |||y0rusy50 ca
101 0 _arus
102 _aRU
105 _aa z |||||
200 1 _aИсследования облаков и осадков в Казахстане
_e[Сборник статей]
_fПод ред. канд. техн. наук Х.А. Ахмеджанова
210 _aЛенинград
_cГидрометеоиздат
_d1969
215 _a182 с.
_cил.
_d22
225 1 _aГлавное управление гидрометеорологической службы при Совете Министров СССР. Казахский научно-исследовательский гидрометеорологический институт. Труды
_vВып. 37
320 _aБиблиогр. в конце статей
606 _aОсадки
_yКазахская ССР
_2psbo
606 _aОблака
_xНаблюдения
_yКазахская ССР
_2psbo
702 1 _aАхмеджанов
_bХ.А.
_4340
801 0 _aRU
_bNLR
_gpsbo
801 1 _aRU
_bELAR
_2rusmarc
852 _aNLR
_jП7/572
942 _cBOOK
980 _aNB